000 00450nam a2200169Ia 4500
008 221030s9999 xx 000 0 und d
020 _a8157522143
041 _aEnglish
082 _a105.23
_bSal
100 _aR. S. Salaria
245 0 _aData Structures & Algorithms using C : Theory Design & Implementation
_cby R. S. Salaria
250 _a2nd
260 _bKhanna Pub
_aNew Delhi
_c2006
300 _a606
650 _aBE Computer
942 _cBK
999 _c3618
_d3618